Dai Libri, Dei miei sogni al colle e della Luna. Katalog

Guardado en:
Detalles Bibliográficos
Autor principal: Pennacchi, Marcello (Autor)
Formato: Libro
Lenguaje:italiano
Publicado: Perugia : FC, 1994
Edición:1. vydanie
Materias:
Etiquetas: Agregar Etiqueta
Sin Etiquetas, Sea el primero en etiquetar este registro!

MARC

LEADER 00000nam a22000003a 4500
001 stu11402
005 20150617225801.5
008 950405s1994----it------------------ita-d
040 |a STU  |b slo 
041 0 |a ita 
044 |a it 
100 1 |a Pennacchi, Marcello  |4 aut 
245 1 |a Dai Libri, Dei miei sogni al colle e della Luna. Katalog 
250 |a 1. vydanie 
260 |a Perugia :  |b FC,  |c 1994 
300 |a 100 s 
650 7 |a umenie výtvarné  |2 stusub 
996 |b 284AU02075  |c A*2276 U  |l AAKNST  |s P  |a 0  |w stu11402_0001